000 00992nas a2200337 4500
001 BR0401045
003 BR-BrBNA
005 20231205104353.0
007 ta
008 230509b bl.|||p| |||| 00| 00por d
040 _aBR-BrBNA
_bpor
_cBiblioteca Nacional de Agricultura
041 _a(En)
072 _aH60; F30
100 1 _aTorres, A.C.
100 1 _aNascimento, W.M.
100 1 _aPaiva, S.A.V.
100 1 _aAragão, F.A.S. de
245 1 _aBioassay for detection of transgenic soybean seeds tolerant to glyphosate
650 _aSOJA
650 _aSEMENTE
650 _aERVA DANINHA
650 _aHERBICIDA
650 _aRESISTÊNCIA QUÍMICA
650 _aPLANTA TRANSGÊNICA
650 _aVARIEDADE RESISTENTE
650 _aBIOSSÍNTESE
650 _aIDENTIFICAÇÃO
773 0 _tPesquisa Agropecuária Brasileira (Brazil)
_xISSN 0101-204X
_g(Sep 2003), v. 38(9) p. 1053-1057
_wBR0401045
909 _a202311
_bLúcia
_c55
_dLúcia Elande
942 _2AGRIS
_n0
_cANA
999 _c177801
_d177801